Bible-centered object sermons for children. (Record no. 12262)

000 -LEADER
fixed length control field 00648nam a2200205 a 4500
001 - CONTROL NUMBER
control field :::00010064$&:&@@
003 - CONTROL NUMBER IDENTIFIER
control field OkBaRHE
005 - DATE AND TIME OF LATEST TRANSACTION
control field 20000607103355.0
008 - FIXED-LENGTH DATA ELEMENTS--GENERAL INFORMATION
fixed length control field s1986 j 000 0 eng u
040 ## - CATALOGING SOURCE
Transcribing agency
100 1# - MAIN ENTRY--PERSONAL NAME
Personal name Bess, C. W. and DeBrand, Roy E.
245 10 - TITLE STATEMENT
Title Bible-centered object sermons for children.
260 ## - PUBLICATION, DISTRIBUTION, ETC. (IMPRINT)
Place of publication, distribution, etc Grand Rapids, MI., :
Name of publisher, distributor, etc Baker Book House
Date of publication, distribution, etc 1986
300 ## - PHYSICAL DESCRIPTION
Extent 102 p. ;
Dimensions 19 cm.
650 ## - SUBJECT ADDED ENTRY--TOPICAL TERM
Topical term or geographic name as entry element Children's Sermons
650 ## - SUBJECT ADDED ENTRY--TOPICAL TERM
Topical term or geographic name as entry element Object-teaching
700 ## - ADDED ENTRY--PERSONAL NAME
Personal name DeBrand, Roy E., Joint author.
942 ## - ADDED ENTRY ELEMENTS (KOHA)
Source of classification or shelving scheme
Koha item type Books
Copies
Full call number Barcode Damaged status Permanent Location Shelving location Lost status Price effective from Source of classification or shelving scheme Copy number Date last seen Not for loan Withdrawn status Date acquired Koha item type
BV 4315 .B410064 RHEMA Bible Training CollegeGeneral Stacks 2010-04-14 12010-04-14  2010-04-14Books